Pokémon Names with 5 Syllables - Statistics

General Stats
  • This quiz has been taken 11 times
  • The average score is 3 of 8
Answer Stats
Pokémon Name % Correct
Alomomola
50%
Fezandipiti
50%
Feraligatr
38%
Iron Jugulis
38%
Regieleki
38%
Togedemaru
38%
Crabominable
25%
Oricorio
13%
No matching quizzes found
Score Distribution
Percent of People with Each Score
Percentile by Number Answered
Your Score History
You have not taken this quiz